Online Catalogue and eLibrary

Female Spectators: (Record no. 1179)

MARC details
000 -LEADER
fixed length control field 00491nam a2200193Ia 4500
005 - DATE AND TIME OF LATEST TRANSACTION
control field 20250325054329.0
008 - FIXED-LENGTH DATA ELEMENTS--GENERAL INFORMATION
fixed length control field 240331s9999 xx 000 0 und d
020 ## - INTERNATIONAL STANDARD BOOK NUMBER
ISBN 0860919226
082 ## - DDC Classification
Class No. 302.234
Item Number - Author Mark FEM
DDC Edition Number 3567
245 #0 - TITLE STATEMENT
Title Female Spectators:
Remainder of title Looking at Film and Television
260 ## - PUBLICATION, DISTRIBUTION, ETC.
Place of publication, distribution, etc. London;
-- New York,
Name of publisher, distributor, etc. Verso
Date of publication, distribution, etc. 1988
300 ## - PHYSICAL DESCRIPTION
Extent (e.g. Volumes, Pages etc.) vii, 199 p.,
650 ## - SUBJECT ADDED ENTRY--TOPICAL TERM
Topical term or geographic name entry element Feminism
650 ## - SUBJECT ADDED ENTRY--TOPICAL TERM
Topical term or geographic name entry element Women
650 ## - SUBJECT ADDED ENTRY--TOPICAL TERM
Topical term or geographic name entry element Film Theory
650 ## - SUBJECT ADDED ENTRY--TOPICAL TERM
Topical term or geographic name entry element Media
700 ## - ADDED ENTRY--PERSONAL NAME
Personal name Pribram, E. D
Relator term (Role) Editor
942 ## - Koha item type (Biblio)
Koha item type Books in Stacks (Lending)
Holdings
Lost status Damaged status Collection code Home library Current library Shelving location Date acquired Full call number Accession Number Item type
    Lending WERC Library WERC Library Social Science Cupboard 03/31/2024 302.234 FEM 3567 Books in Stacks (Lending)

© WERC Library